00960 a2200217 45000010006000000050017000060080041000230030015000640400040000790800067001192450030001860200022002162500012002382640034002503000024002845050268003080410008005761000025005847000038006098560095006474140020260407155708.0260407a1995 arg spa dAR-UNSa-BCEJYS aAR-UNSa-BCEJYSbspacAR-UNSa-BCEJYS a658.16xReorganización financiera (Proyectos de inversión)10aEvaluación de proyectos a978-970-10-0746-4 a3a. ed. 1aMéxico :bMcGraw-Hillc1995 axvi, 339 p.c23 cm. a1. Elementos conceptuales y preparación de la evaluación - 2. Estudio de Mercado - 3. Estudio Técnico - 4. Estudio Económico - 5. Evaluación Económica - 6. Análisis y Administración del Riesgo - 7. Evaluación de proyectos en centros de cómputo aspa1 aBaca Urbina, Gabriel1 aGonzález Hernández, Filiberto41uhttps://biblioeco.unsa.edu.ar/pmb/images/libros/L126475.jpgyImagen de portadaqimage/jpeg